000
00309nam a2200121Ia 4500
008
191201s1998 xx 000 0 und d
100
_a
SHARMA, Shri Ram
245
0
_a
Dharamtatv Ka Darsan V Marm
260
_a
N. delhi
_b
Akhand Jyoti Mathura
_c
1998
300
_a
NULL
650
_a
General Books
942
_2
ddc
_c
BK
999
_c
745
_d
745